000 01626cas a22003971a 4500
001 data
005 20260322212117.0
008 data
035 _a11134472
906 _a7
_bcbc
_cserials
_du
_encip
_f19
_gn-oclcserc
010 _a 07006378
_zsn 77010175
035 _a(OCoLC)1639322
040 _aDLC
_beng
_cMUL
_dOCLCL
_dNYG
_dNYS
_dDLC
_dOCLCQ
_dOCLCF
_dOCLCO
_dOCLCQ
_dDLC
_dOCLCL
042 _apremarc
_apremarc
050 0 0 _aAS244
_b.H22
082 0 4 _a069
_bT35
_1https://id.oclc.org/worldcat/ddc/E4btJr83MDvKW7YDpWFg8RXFWc
110 2 _aTeyler's Tweede Genootschap.
245 1 0 _aVerhandelingen /
_cuitgegeven door Teyler's Tweede Genootschap.
260 _aHaarlem :
_bDe Erven F. Bohn,
_c1781-
300 _avolumes :
_billustrations, maps ;
_c24 cm
310 _aIrregular
336 _atext
_btxt
_2rdacontent
337 _aunmediated
_bn
_2rdamedia
338 _avolume
_bnc
_2rdacarrier
362 1 _aBegan with 1, in 1781; ceased publication.
500 _aPart 9 of v. 26 (first series)--was published 1866.
500 _aMonographs, having separate title pages except in a few of the earlier volumes.
515 _aThe following vols. are in part, separately paged: v. 26 (first series) in 9 parts; new ser., v. 2, in 2 parts and atlas; v. 3 in 3 parts and atlas; v. 4-5 each in 2 parts.
588 0 _aNieuwe reeks, 2. d. (1878).
588 1 _aNieuwe reeks, 8. d. (1912).
650 0 _aScience.
650 7 _aScience.
_2fast
_0(OCoLC)fst01108176
776 0 8 _iOnline version:
_aTeyler's Tweede Genootschap.
_tVerhandelingen
_w(OCoLC)658801179
991 _bc-GenColl
_hAS244
_i.H22
_wSERIALS
999 _c1774
_d1774